[Event "90416 9th Rakosmente Open"]
[Site "Budapest, Hungary"]
[Date "2014.01.26"]
[Round "5.3"]
[White "Kaloczi, Kristof"]
[Black "Yip, Michael"]
[Result "1/2-1/2"]
[WhiteElo "1624"]
[BlackElo "2000"]
[PlyCount "66"]
[EventDate "2014.??.??"]

1. e4 c5 2. Nf3 e6 3. d4 cxd4 4. Nxd4 a6 5. Bd3 Nf6 6. O-O Bc5 7. Nb3 Be7 8.
Qe2 d6 9. a4 Nc6 10. Bf4 O-O 11. Rd1 Qc7 12. h3 Re8 13. N1d2 Ne5 14. Nf3 Ng6
15. Bh2 e5 16. Qd2 h6 17. c3 Be6 18. Nc1 Rac8 19. Ne2 Bb3 20. Bc2 Bxc2 21. Qxc2
Qc6 22. Ng3 Bf8 23. Re1 b6 24. Nf5 Nf4 25. Bxf4 exf4 26. e5 dxe5 27. Nxe5 Qc7
28. Nf3 g6 29. N5d4 Bg7 30. Qd3 Qb7 31. Nc2 Red8 32. Qe2 Re8 33. Qd3 Red8
1/2-1/2

[Event "90416 9th Rakosmente Open"]
[Site "Budapest, Hungary"]
[Date "2014.01.26"]
[Round "5.4"]
[White "Toth-Katona, Tamas"]
[Black "Orosz, Andras"]
[Result "0-1"]
[WhiteElo "1897"]
[BlackElo "2171"]
[PlyCount "58"]
[EventDate "2014.??.??"]

1. e4 c5 2. Nc3 e6 3. g3 a6 4. Bg2 b5 5. d3 Bb7 6. f4 Be7 7. Be3 Nf6 8. h3 d5
9. e5 Nfd7 10. Nce2 Qc7 11. Nf3 Nc6 12. c3 O-O 13. O-O Rab8 14. g4 b4 15. d4
Na5 16. f5 Nc4 17. Bc1 bxc3 18. bxc3 Kh8 19. Nf4 Qb6 20. h4 cxd4 21. Nxd4 Ndxe5
22. fxe6 fxe6 23. Nfxe6 Rxf1+ 24. Kxf1 Bxh4 25. g5 Re8 26. Qc2 Qd6 27. Qf5 Bc8
28. Bh3 Ng6 29. Qf7 Rf8 0-1

[Event "90416 9th Rakosmente Open"]
[Site "Budapest, Hungary"]
[Date "2014.01.26"]
[Round "5.6"]
[White "Juhasz, Bela"]
[Black "Gorog, Almos"]
[Result "1-0"]
[WhiteElo "2115"]
[BlackElo "1566"]
[PlyCount "37"]
[EventDate "2014.??.??"]

1. d4 Nf6 2. Nf3 d5 3. c4 dxc4 4. e3 a6 5. a4 Bf5 6. Bxc4 Nbd7 7. Qb3 e6 8.
Qxb7 Be4 9. Qb3 Rb8 10. Qd1 c5 11. O-O cxd4 12. exd4 Bd6 13. Bxa6 Ng4 14. Nbd2
f5 15. h3 h5 16. Re1 Ngf6 17. Bc4 Qe7 18. Ng5 Bb4 19. Bxe6 1-0

[Event "90416 9th Rakosmente Open"]
[Site "Budapest, Hungary"]
[Date "2014.01.26"]
[Round "5.7"]
[White "Czumbel, Peter"]
[Black "Novak, Levente Peter"]
[Result "1/2-1/2"]
[WhiteElo "1612"]
[BlackElo "1410"]
[PlyCount "66"]
[EventDate "2014.??.??"]

1. Nf3 d5 2. g3 Nf6 3. Bg2 Nc6 4. d3 e5 5. c4 dxc4 6. Qa4 Bd7 7. Qxc4 Be7 8.
O-O O-O 9. Nbd2 Bd6 10. b3 Qc8 11. Bb2 Bh3 12. Qc2 Bxg2 13. Kxg2 Qd7 14. Nc4
Rfe8 15. Nxd6 cxd6 16. Qd2 Rac8 17. Rac1 Rc7 18. d4 exd4 19. Nxd4 Nxd4 20. Bxd4
Rxc1 21. Rxc1 a6 22. Bxf6 gxf6 23. e3 Re5 24. Kg1 Qe7 25. Qd4 Rc5 26. Rc4 Qe5
27. Rxc5 dxc5 28. Qg4+ Kf8 29. Qc8+ Kg7 30. Qxb7 Qa1+ 31. Kg2 Qxa2 32. Qd5 Qc2
33. Qb7 Qd3 1/2-1/2

[Event "90416 9th Rakosmente Open"]
[Site "Budapest, Hungary"]
[Date "2014.01.26"]
[Round "5.8"]
[White "Horvath, Csaba"]
[Black "Csermely, Zoltan"]
[Result "1/2-1/2"]
[WhiteElo "1869"]
[BlackElo "1677"]
[PlyCount "43"]
[EventDate "2014.??.??"]

1. e4 c5 2. Nf3 Nc6 3. d4 cxd4 4. Nxd4 Nf6 5. Nc3 a6 6. Be2 b5 7. Nxc6 dxc6 8.
Qxd8+ Kxd8 9. e5 Ng4 10. Bxg4 Bxg4 11. Be3 Kc7 12. f3 Bf5 13. O-O-O e6 14. g4
Bg6 15. Ne2 h6 16. Ng3 Be7 17. h4 Rad8 18. Rxd8 Rxd8 19. f4 Rd5 20. h5 Bh7 21.
Rd1 Rxd1+ 22. Kxd1 1/2-1/2

[Event "90416 9th Rakosmente Open"]
[Site "Budapest, Hungary"]
[Date "2014.01.26"]
[Round "5.10"]
[White "Demeter, Dorina"]
[Black "Abraham, Lajos"]
[Result "0-1"]
[WhiteElo "1377"]
[BlackElo "1795"]
[PlyCount "138"]
[EventDate "2014.??.??"]

1. e4 e5 2. Nf3 Nc6 3. Bc4 h6 4. d4 exd4 5. Nxd4 Ne5 6. Bb3 d6 7. O-O Nf6 8.
Nc3 Bg4 9. f3 Bh5 10. Be3 a6 11. a3 c5 12. Nde2 Be7 13. Nf4 c4 14. Nxh5 Nxh5
15. Ba2 g5 16. Nd5 Nf6 17. Qd2 Nxd5 18. Qxd5 Qc7 19. Bd4 Rc8 20. Bc3 Qc5+ 21.
Qxc5 Rxc5 22. g3 Rg8 23. Rad1 Rg6 24. Kg2 b5 25. b4 Rc6 26. Rd5 Bf6 27. Rfd1
Ke7 28. h3 Ke6 29. g4 Nxg4 30. hxg4 Bxc3 31. Kh3 Rf6 32. Kg2 Bb2 33. Rb1 Bxa3
34. Kh3 Ke7 35. Kg2 Rg6 36. Kf2 Rc8 37. Kg2 Rh8 38. Rh1 Bxb4 39. e5 Ke6 40.
Rdd1 dxe5 41. Rb1 Bc5 42. Rbe1 f5 43. Rd1 fxg4 44. fxg4 Rf8 45. Kh3 Rgf6 46.
Rd2 Rf3+ 47. Kg2 R8f6 48. Re2 R3f4 49. Rd2 Rxg4+ 50. Kh3 Rh4+ 51. Kg2 Rxh1 52.
Kxh1 Rf1+ 53. Kg2 Ra1 54. c3 a5 55. Re2 a4 56. Rb2 a3 57. Rc2 h5 58. Re2 Kf5
59. Rc2 g4 60. Rd2 h4 61. Rc2 Kf4 62. Re2 g3 63. Kh3 Rh1+ 64. Kg2 Rh2+ 65. Kf1
Kf3 66. Rxh2 gxh2 67. Ke1 h1=Q+ 68. Kd2 Qg2+ 69. Kd1 Be3 0-1

[Event "90416 9th Rakosmente Open"]
[Site "Budapest, Hungary"]
[Date "2014.01.26"]
[Round "5.11"]
[White "Sulcz, Istvan"]
[Black "Czimer, Jozsef"]
[Result "1-0"]
[WhiteElo "1906"]
[BlackElo "1728"]
[PlyCount "69"]
[EventDate "2014.??.??"]

1. d4 g6 2. e4 Bg7 3. c4 c5 4. d5 d6 5. Nc3 Nf6 6. f4 O-O 7. Nf3 Re8 8. Bd3 e6
9. O-O exd5 10. cxd5 a6 11. a4 b6 12. Bd2 Bb7 13. Qc2 Nbd7 14. Bc4 Qc7 15. Rae1
Nf8 16. Qd3 Red8 17. Qc2 Bc8 18. e5 Bf5 19. Qb3 Ne8 20. e6 Rdb8 21. Ng5 Bd4+
22. Kh1 f6 23. Nf7 Kg7 24. Ne2 b5 25. Nxd4 cxd4 26. axb5 axb5 27. Bd3 Bxd3 28.
Qxd3 Qc4 29. Qh3 Qxd5 30. f5 Ra7 31. Bh6+ Kg8 32. Bxf8 Rxf7 33. exf7+ Qxf7 34.
Re7 Kxf8 35. Rxf7+ 1-0

[Event "90416 9th Rakosmente Open"]
[Site "Budapest, Hungary"]
[Date "2014.01.26"]
[Round "5.12"]
[White "Olle, Rebeka Sara"]
[Black "Xiao Hu, Chen"]
[Result "0-1"]
[WhiteElo "1545"]
[BlackElo "1456"]
[PlyCount "86"]
[EventDate "2014.??.??"]

1. e4 e6 2. d4 d5 3. Nd2 Nf6 4. e5 Nfd7 5. f4 c5 6. c3 Nc6 7. Ndf3 cxd4 8. cxd4
f6 9. exf6 Nxf6 10. a3 Bd6 11. Bd3 O-O 12. Ne2 Nh5 13. g3 g6 14. Qc2 Ng7 15.
O-O Nf5 16. Rd1 Qb6 17. Kh1 Bd7 18. Qb1 Rac8 19. b4 Nb8 20. Rg1 Bb5 21. Bb2
Bxd3 22. Qxd3 Qa6 23. Qd2 Qa4 24. Nc3 Qd7 25. Rge1 Nc6 26. Re2 Rfe8 27. Rae1
Re7 28. Nd1 Bb8 29. Nf2 Nd6 30. Ng5 h6 31. Nf3 Rf8 32. Qc2 Kg7 33. Ne5 Nxe5 34.
dxe5 Nc4 35. Bd4 Nxa3 36. Qb3 Nc4 37. Bc5 Rc8 38. Bxe7 Qxe7 39. Rc2 Bc7 40.
Rec1 Bb6 41. Nd1 Qd7 42. Qc3 Qc6 43. Rb1 d4+ 0-1

[Event "90416 9th Rakosmente Open"]
[Site "Budapest, Hungary"]
[Date "2014.01.26"]
[Round "5.13"]
[White "Csiki, Endre"]
[Black "Ladanyi, Gyula"]
[Result "1-0"]
[WhiteElo "1418"]
[BlackElo "1852"]
[PlyCount "59"]
[EventDate "2014.??.??"]

1. d4 d5 2. Bf4 e6 3. e3 Nf6 4. Bd3 Be7 5. h3 Nbd7 6. Nd2 c5 7. c3 c4 8. Bc2
O-O 9. Ngf3 b6 10. O-O Nh5 11. Bh2 g6 12. e4 dxe4 13. Bxe4 Rb8 14. Bxb8 Nxb8
15. Nxc4 Ba6 16. Bd3 Nf4 17. b3 Nxd3 18. Qxd3 Qc7 19. Nfd2 Bg5 20. Rfd1 Rd8 21.
Qe2 b5 22. Nb2 Qxc3 23. Ne4 b4 24. Nxc3 bxc3 25. Nc4 Nc6 26. Qg4 Bf6 27. Qf4 c2
28. Qxf6 cxd1=Q+ 29. Rxd1 Rd5 30. Qf3 1-0

[Event "90416 9th Rakosmente Open"]
[Site "Budapest, Hungary"]
[Date "2014.01.26"]
[Round "5.16"]
[White "Toth, Viktor"]
[Black "Makrai, Bence"]
[Result "1-0"]
[WhiteElo "1372"]
[BlackElo "1486"]
[PlyCount "87"]
[EventDate "2014.??.??"]

1. e4 e5 2. Nf3 Nc6 3. Bc4 Nf6 4. O-O Bc5 5. Re1 O-O 6. c3 d6 7. d4 Bb6 8. Bg5
Qe7 9. Qd3 Na5 10. Nbd2 Be6 11. Bxe6 fxe6 12. dxe5 dxe5 13. Nxe5 Qc5 14. Qg3
Nh5 15. Be3 Qxe3 16. Qxe3 Bxe3 17. Rxe3 Rad8 18. Ndf3 Nf6 19. b4 Nc6 20. Nxc6
bxc6 21. Nd4 Rd6 22. e5 Rxd4 23. cxd4 Nd5 24. Rb3 Rf4 25. Rd1 Re4 26. Kf1 Kf7
27. g3 Ke7 28. a3 g5 29. Rbd3 h5 30. Rc1 Kd7 31. Rc5 g4 32. Ra5 Ne7 33. Rxa7
Nc8 34. Ra5 Nb6 35. Rc5 Nd5 36. b5 cxb5 37. Rxb5 Nb6 38. Rb4 Nd5 39. Rb8 h4 40.
a4 h3 41. a5 Ne7 42. a6 Nc8 43. Rxc8 Kxc8 44. Rb3 1-0

[Event "90416 9th Rakosmente Open"]
[Site "Budapest, Hungary"]
[Date "2014.01.26"]
[Round "6.1"]
[White "Keszi, Janos"]
[Black "Kovacs, Marton"]
[Result "0-1"]
[WhiteElo "2091"]
[BlackElo "2145"]
[PlyCount "68"]
[EventDate "2014.??.??"]

1. d4 d5 2. Nf3 c5 3. Bf4 Nc6 4. dxc5 Nf6 5. e3 Ne4 6. Nbd2 Nxc5 7. Be2 g6 8.
Nb3 Na4 9. Bb5 Nb6 10. Ne5 Bg7 11. Nxc6 bxc6 12. Bxc6+ Bd7 13. Bxd7+ Qxd7 14.
c3 Nc4 15. Qe2 Rc8 16. O-O h5 17. h3 O-O 18. Rfd1 Qb7 19. Rab1 a5 20. Qc2 e5
21. Bh2 Rfe8 22. Nd2 Nb6 23. Nf3 Qc6 24. Qe2 a4 25. a3 Rb8 26. Ne1 Rb7 27. Nd3
Qc4 28. Qd2 d4 29. cxd4 exd4 30. exd4 Qxd4 31. Nb4 Qxd2 32. Rxd2 Nc4 33. Rc2
Nxb2 34. Nd3 Nxd3 0-1

[Event "90416 9th Rakosmente Open"]
[Site "Budapest, Hungary"]
[Date "2014.01.26"]
[Round "6.2"]
[White "Suranyi, Pal"]
[Black "Orosz, Andras"]
[Result "0-1"]
[WhiteElo "2115"]
[BlackElo "2171"]
[PlyCount "118"]
[EventDate "2014.??.??"]

1. d4 Nf6 2. Nf3 e6 3. c4 d5 4. Nc3 Be7 5. e3 O-O 6. Bd3 dxc4 7. Bxc4 a6 8. O-O
b5 9. Bb3 Bb7 10. Qe2 c5 11. Rd1 Nbd7 12. Bd2 Bxf3 13. Qxf3 cxd4 14. exd4 Nb6
15. Ne2 Qd7 16. Bf4 Rfd8 17. Be5 Rac8 18. Rac1 h6 19. h3 Nbd5 20. Nf4 Nxf4 21.
Qxf4 Nd5 22. Qf3 Rxc1 23. Rxc1 Bf6 24. Qe4 g6 25. Rd1 Kg7 26. Rd3 Qe7 27. Rf3
Bxe5 28. dxe5 Rd7 29. Rd3 Qc5 30. Rd1 Nb6 31. Re1 Nc4 32. Bxc4 bxc4 33. Rc1 Rc7
34. Rc3 Qb5 35. Qe2 Rc5 36. Re3 Rd5 37. g3 Qc5 38. Qe1 Qd4 39. Qc3 Qxc3 40.
Rxc3 Rd2 41. Rxc4 Rxb2 42. Ra4 Rb6 43. Ra5 g5 44. Kg2 h5 45. g4 Kg6 46. Kf3 h4
47. Ke3 Rc6 48. Kd3 Kg7 49. f3 Kf8 50. Kd4 Kg7 51. Rc5 Rb6 52. Kc3 Rb1 53. Kd4
Rh1 54. Ra5 Rxh3 55. Ke4 Rh1 56. f4 h3 57. Kf3 gxf4 58. Ra3 Rf1+ 59. Ke2 h2 0-1

[Event "90416 9th Rakosmente Open"]
[Site "Budapest, Hungary"]
[Date "2014.01.26"]
[Round "6.3"]
[White "Yip, Michael"]
[Black "Polyik, Peter"]
[Result "1/2-1/2"]
[WhiteElo "2000"]
[BlackElo "1937"]
[PlyCount "49"]
[EventDate "2014.??.??"]

1. Nf3 b5 2. e3 a6 3. a4 b4 4. d4 Bb7 5. c3 e6 6. Bd3 Nf6 7. O-O c5 8. Nbd2 d5
9. cxb4 c4 10. Bc2 Bxb4 11. Ne5 O-O 12. f4 Nbd7 13. Qf3 Qc7 14. Qh3 Bxd2 15.
Bxd2 Ne4 16. Nxd7 Qxd7 17. Bxe4 dxe4 18. a5 f5 19. Bc3 Bd5 20. g4 fxg4 21. Qxg4
Rf6 22. Kf2 Rg6 23. Qh3 Rh6 24. Qg3 Rg6 25. Qh3 1/2-1/2

[Event "90416 9th Rakosmente Open"]
[Site "Budapest, Hungary"]
[Date "2014.01.26"]
[Round "6.4"]
[White "Abraham, Lajos"]
[Black "Kaloczi, Kristof"]
[Result "1-0"]
[WhiteElo "1795"]
[BlackElo "1624"]
[PlyCount "41"]
[EventDate "2014.??.??"]

1. e4 c5 2. Nf3 e6 3. d4 cxd4 4. Nxd4 a6 5. Nc3 Qc7 6. a3 Nf6 7. g3 d6 8. Bg2
Be7 9. O-O Nbd7 10. Be3 Rb8 11. Kh1 Ne5 12. h3 Nc4 13. Bc1 O-O 14. Qe1 d5 15.
b3 Nb6 16. e5 Nfd7 17. f4 Bc5 18. Be3 Bxd4 19. Bxd4 f6 20. exf6 Nxf6 21. Be5
1-0

[Event "90416 9th Rakosmente Open"]
[Site "Budapest, Hungary"]
[Date "2014.01.26"]
[Round "6.5"]
[White "Kis, Bela"]
[Black "Juhasz, Bela"]
[Result "0-1"]
[WhiteElo "2129"]
[BlackElo "2115"]
[PlyCount "68"]
[EventDate "2014.??.??"]

1. e4 c5 2. d4 cxd4 3. c3 dxc3 4. Nxc3 Nc6 5. Nf3 d6 6. Bc4 e6 7. O-O Nf6 8.
Qe2 Be7 9. Rd1 e5 10. Bg5 a6 11. Bxf6 Bxf6 12. Nd5 Bg4 13. h3 Nd4 14. Rxd4 Bxf3
15. Qxf3 exd4 16. Qb3 b5 17. Nxf6+ Qxf6 18. Bd5 Rb8 19. Bc6+ Kf8 20. a4 g6 21.
axb5 axb5 22. Ra7 Kg7 23. Bd5 Rhf8 24. g3 Rbc8 25. Kg2 d3 26. Qxd3 Qxb2 27. Ra2
Qb4 28. Ra7 Rc3 29. Qd1 Qc5 30. Qa1 b4 31. Ra5 Qd4 32. Ra4 f5 33. Ra7+ Kh6 34.
Bf7 Rxf7 0-1

[Event "90416 9th Rakosmente Open"]
[Site "Budapest, Hungary"]
[Date "2014.01.26"]
[Round "6.7"]
[White "Novak, Levente Peter"]
[Black "Sulcz, Istvan"]
[Result "0-1"]
[WhiteElo "1410"]
[BlackElo "1906"]
[PlyCount "58"]
[EventDate "2014.??.??"]

1. e4 c5 2. Nf3 Nc6 3. d4 cxd4 4. Nxd4 e5 5. Nb5 d6 6. c4 a6 7. N5c3 Nf6 8. Bg5
Be7 9. Bxf6 Bxf6 10. Nd5 Be6 11. Nbc3 Nd4 12. g3 O-O 13. Bg2 g6 14. O-O Bg7 15.
Qd3 f5 16. Rfe1 f4 17. f3 Rc8 18. b3 g5 19. g4 h5 20. h3 Rb8 21. Rab1 Qd7 22.
Bf1 hxg4 23. hxg4 Bxg4 24. fxg4 Qxg4+ 25. Kf2 Qh4+ 26. Kg1 f3 27. Re3 Qg3+ 28.
Kh1 Kf7 29. Bh3 Rh8 0-1

[Event "90416 9th Rakosmente Open"]
[Site "Budapest, Hungary"]
[Date "2014.01.26"]
[Round "6.8"]
[White "Csermely, Zoltan"]
[Black "Safar, Istvan"]
[Result "0-1"]
[WhiteElo "1677"]
[BlackElo "1713"]
[PlyCount "76"]
[EventDate "2014.??.??"]

1. e4 c5 2. b4 cxb4 3. a3 bxa3 4. Nxa3 Nc6 5. Nf3 d6 6. h3 Nf6 7. d3 g6 8. Bb2
Bg7 9. Be2 O-O 10. g4 e5 11. c4 Re8 12. Nb5 a6 13. Qb3 Na5 14. Qb4 axb5 15.
cxb5 b6 16. O-O Bf8 17. Qa4 Be6 18. Nd2 Nd7 19. d4 Qh4 20. d5 Nc5 21. Qb4 Bd7
22. Ra3 Bh6 23. Nf3 Qe7 24. Rfa1 Bf8 25. Kg2 Rec8 26. Kg3 Qe8 27. h4 h6 28. Bc1
Rc7 29. Be3 Rac8 30. h5 g5 31. Nxg5 hxg5 32. Bxg5 Be7 33. Qxa5 bxa5 34. Bxe7
Qxe7 35. f3 Rb7 36. Rxa5 Rcb8 37. Ra8 Qg5 38. R1a6 Nxa6 0-1

[Event "90416 9th Rakosmente Open"]
[Site "Budapest, Hungary"]
[Date "2014.01.26"]
[Round "6.9"]
[White "Gorog, Almos"]
[Black "Toth-Katona, Tamas"]
[Result "1-0"]
[WhiteElo "1566"]
[BlackElo "1897"]
[PlyCount "56"]
[EventDate "2014.??.??"]

1. Nf3 Nf6 2. c4 c5 3. g3 g6 4. Bg2 Bg7 5. Nc3 d6 6. d4 O-O 7. O-O Bd7 8. dxc5
dxc5 9. Be3 Qc8 10. Ne5 Na6 11. Qb3 Rb8 12. Bf4 Nc7 13. Nxd7 Qxd7 14. Rfd1 Qc8
15. Nb5 Nfe8 16. Nxa7 Qe6 17. Nb5 Be5 18. Nxc7 Nxc7 19. Bxe5 Qxe5 20. Rd2 Ne6
21. e3 Nc7 22. Rad1 b5 23. cxb5 Rxb5 24. Qc3 Qe6 25. Rd8 f6 26. R8d7 Qb6 27.
Qc4+ e6 28. Rxc7 Qxc7 1-0

[Event "90416 9th Rakosmente Open"]
[Site "Budapest, Hungary"]
[Date "2014.01.26"]
[Round "6.10"]
[White "Xiao Hu, Chen"]
[Black "Horvath, Csaba"]
[Result "0-1"]
[WhiteElo "1456"]
[BlackElo "1869"]
[PlyCount "66"]
[EventDate "2014.??.??"]

1. e4 c5 2. Nf3 e6 3. d4 cxd4 4. Nxd4 a6 5. Bd3 Nf6 6. Nc3 Qc7 7. a3 b5 8. O-O
Bb7 9. Be3 d5 10. exd5 Nxd5 11. Nxd5 Bxd5 12. Qg4 Nd7 13. Ne2 Nf6 14. Qg3 Qxg3
15. hxg3 Ng4 16. Bd2 Bc5 17. Nc3 Bb7 18. Ne4 Bxe4 19. Bxe4 O-O-O 20. Bb4 Bb6
21. Bf3 Ne5 22. a4 Rd4 23. Bc3 Nxf3+ 24. gxf3 Rxa4 25. Rxa4 bxa4 26. Bxg7 Rg8
27. Bc3 Rxg3+ 28. Kh2 Rxf3 29. Kg2 Rf5 30. f4 Bc7 31. Kg3 Rg5+ 32. Kf3 Bxf4 33.
Kxf4 Rf5+ 0-1

[Event "90416 9th Rakosmente Open"]
[Site "Budapest, Hungary"]
[Date "2014.01.26"]
[Round "6.11"]
[White "Czimer, Jozsef"]
[Black "Csiki, Endre"]
[Result "1-0"]
[WhiteElo "1728"]
[BlackElo "1418"]
[PlyCount "139"]
[EventDate "2014.??.??"]

1. e4 c5 2. d4 cxd4 3. c3 dxc3 4. Nxc3 Nc6 5. Nf3 e5 6. Bc4 Be7 7. Qd5 Nh6 8.
Bxh6 O-O 9. Be3 d6 10. Qd2 a6 11. Nd5 b5 12. Bb6 Qd7 13. Be3 bxc4 14. Nb6 Qb7
15. Nxa8 Qxa8 16. O-O Bb7 17. Qc3 a5 18. Nd2 Nb4 19. Nxc4 Bxe4 20. f3 Bd3 21.
Rfd1 d5 22. Nxe5 Rc8 23. Qd4 Nc2 24. Qxd3 Nxe3 25. Rdc1 Bc5 26. Rxc5 Rxc5 27.
Qxe3 Qa7 28. Ng4 h5 29. Qe8+ Kh7 30. Nf2 Rc2 31. Rf1 Rxb2 32. Qe5 Qb7 33. Qxh5+
Kg8 34. Qh4 Qb6 35. Qa4 d4 36. Qe8+ Kh7 37. Qxf7 Qd6 38. Qf5+ Kg8 39. Qxa5 Rb8
40. Nd3 Qe7 41. Qd5+ Kh8 42. Re1 Qc7 43. Qxd4 Rd8 44. Qc5 Qf7 45. Nb4 Rd2 46.
Qe3 Qd7 47. Qe8+ Qxe8 48. Rxe8+ Kh7 49. Re4 Rd1+ 50. Kf2 Rd2+ 51. Re2 Rd4 52.
Rb2 Kg6 53. Ke3 Rd8 54. a3 Ra8 55. Rb3 Kf6 56. Nd5+ Ke6 57. Nb6 Ra6 58. Kd3 Kd6
59. f4 Kc6 60. a4 Rxb6 61. Rxb6+ Kxb6 62. g4 Ka5 63. f5 Kxa4 64. Kd4 Kb5 65.
Kd5 Kb6 66. Kd6 Kb7 67. g5 Kc8 68. Ke7 Kc7 69. f6 gxf6 70. gxf6 1-0

[Event "90416 9th Rakosmente Open"]
[Site "Budapest, Hungary"]
[Date "2014.01.26"]
[Round "6.14"]
[White "Toth, Nikoletta"]
[Black "Szoukup, Istvan"]
[Result "0-1"]
[WhiteElo "1089"]
[BlackElo "1835"]
[PlyCount "70"]
[EventDate "2014.??.??"]

1. e4 e5 2. Nf3 Nc6 3. Bb5 Nf6 4. O-O Nxe4 5. Bxc6 dxc6 6. Re1 Nd6 7. Nxe5 Be7
8. d4 O-O 9. Nc3 Re8 10. Qf3 Nf5 11. Be3 Nxd4 12. Qxf7+ Kh8 13. Qf4 Ne6 14. Qf3
Nd4 15. Qf4 Ne6 16. Qf3 Kg8 17. Qf7+ Kh8 18. Qf3 Rf8 19. Nf7+ Rxf7 20. Qxf7 Qf8
21. Qh5 Bd7 22. Rad1 Be8 23. Qe5 Bf7 24. Rd7 Bd6 25. Qf5 Kg8 26. Ne4 Qe8 27.
Ng5 Qxd7 28. Qxh7+ Kf8 29. Qh8+ Bg8 30. Nh7+ Kf7 31. Bd4 Nxd4 32. Ng5+ Kg6 33.
Re4 Be5 34. Qh4 Ne2+ 35. Rxe2 Qd1+ 0-1

[Event "90416 9th Rakosmente Open"]
[Site "Budapest, Hungary"]
[Date "2014.01.26"]
[Round "6.15"]
[White "Makrai, Bence"]
[Black "Olle, Rebeka Sara"]
[Result "0-1"]
[WhiteElo "1486"]
[BlackElo "1545"]
[PlyCount "34"]
[EventDate "2014.??.??"]

1. c4 Nf6 2. d4 c5 3. d5 e6 4. Nc3 exd5 5. Nxd5 Nxd5 6. Qxd5 Nc6 7. Nf3 d6 8.
Ng5 Qe7 9. Bf4 Qf6 10. Qd2 Be7 11. Ne4 Qd4 12. Nxd6+ Bxd6 13. Bxd6 Be6 14. e3
Qxd2+ 15. Kxd2 O-O-O 16. Kc2 Rxd6 17. a3 Rhd8 0-1

[Event "90416 9th Rakosmente Open"]
[Site "Budapest, Hungary"]
[Date "2014.01.26"]
[Round "6.16"]
[White "Ladanyi, Gyula"]
[Black "Karacsonyi, Kata"]
[Result "1-0"]
[WhiteElo "1852"]
[BlackElo "1325"]
[PlyCount "57"]
[EventDate "2014.??.??"]

1. d4 Nf6 2. Nf3 d5 3. c4 e6 4. g3 c6 5. cxd5 exd5 6. Bg2 Bf5 7. Nc3 Nbd7 8.
O-O Be7 9. Nh4 Bg6 10. Nxg6 hxg6 11. e4 dxe4 12. Nxe4 Qb6 13. Re1 O-O-O 14. Ng5
Rdf8 15. Rxe7 Qd8 16. Rxf7 Nh5 17. Ne6 Qe8 18. Rxf8 Nxf8 19. Nxf8 Qxf8 20. Qg4+
Kb8 21. Qxg6 Nf6 22. Bf4+ Ka8 23. Re1 Qb4 24. Rc1 Qe7 25. Be3 Qd7 26. h3 Qe7
27. Qf5 Qd6 28. a3 Qe7 29. d5 1-0

[Event "90416 9th Rakosmente Open"]
[Site "Budapest, Hungary"]
[Date "2014.01.26"]
[Round "6.17"]
[White "Karacsonyi, Gellert"]
[Black "Filep, Gyorgy Dr"]
[Result "1-0"]
[WhiteElo "1824"]
[BlackElo "1504"]
[PlyCount "87"]
[EventDate "2014.??.??"]

1. e4 e5 2. Nf3 Nc6 3. Bb5 Bc5 4. c3 d6 5. d4 exd4 6. cxd4 Bb4+ 7. Bd2 Bxd2+ 8.
Nbxd2 Bd7 9. O-O Nge7 10. Re1 O-O 11. Rc1 a6 12. Ba4 Nb4 13. Bxd7 Qxd7 14. Qb3
Qb5 15. a4 Qb6 16. Nc4 Qa7 17. Qxb4 Nc6 18. Qc3 a5 19. e5 d5 20. Ne3 Nb4 21.
Qb3 Rac8 22. Nxd5 Nxd5 23. Qxd5 c6 24. Qe4 Rfe8 25. Ng5 g6 26. Qh4 h5 27. Qf4
b6 28. g4 hxg4 29. Qxg4 Kg7 30. Re3 Rh8 31. Rf3 Rcf8 32. Qf4 Qe7 33. Qf6+ Qxf6
34. exf6+ Kh6 35. Ne4 g5 36. Rxc6 Rd8 37. Rh3+ Kg6 38. Rxh8 Rxh8 39. d5 Kf5 40.
Ng3+ Ke5 41. Rxb6 Rd8 42. d6 Rxd6 43. Rxd6 Kxd6 44. Ne4+ 1-0